25 plus grandes villes de France - Statistiques

Statistiques générales
  • Ce quiz a été pris 192 fois
    54 depuis la dernière actualisation
  • Le résultat moyen est 19 sur 25
Statistiques - réponses
Hint Réponse % Correct
2 103 778 Paris
100%
519 127 Lyon
98%
886 040 Marseille
98%
238 246 Lille
96%
514 819 Toulouse
96%
267 991 Bordeaux
93%
310 240 Montpellier
93%
357 737 Nice
91%
230 890 Rennes
89%
293 771 Strasbourg
89%
156 140 Grenoble
82%
327 734 Nantes
80%
179 116 Toulon
80%
161 830 Dijon
78%
177 674 Reims
78%
173 136 Saint-Etienne
78%
166 687 Le Havre
73%
159 022 Angers
69%
146 351 Clermont-Ferrand
69%
151 839 Nîmes
60%
155 634 Saint-Denis
58%
149 077 Saint-Denis
58%
146 249 Le Mans
49%
163 684 Villeurbanne
47%
149 695 Aix-en-Provence
29%
Aucun quiz correspondant
Distribution des résultats
% des personnes avec chaque résultat
Percentile par nombre de réponses
Votre historique - résultats
Vous n’avez pas pris ce quiz depuis la dernière actualisation